Consenso del Comité de Alto Nivel sobre el Régimen de Intercambio Internacional y la Unión Aduanera
Shranjeno v:
| Format: | Texto |
|---|---|
| Oznake: |
Označite
Brez oznak, prvi označite!
|
MARC
| LEADER | 00000 a a2200000 04500 | ||
|---|---|---|---|
| 001 | 16094 | ||
| 003 | |||
| 040 | |||
| 245 | |a Consenso del Comité de Alto Nivel sobre el Régimen de Intercambio Internacional y la Unión Aduanera | ||
| 773 | |g número 15; páginas 73-77 | ||
| 999 | |c 32306 |d 32306 | ||
